000 00762nam a2200241Ia 4500
003 OSt
005 20220923224553.0
006 a|||||r|||| 00| 0
007 ta
008 Pun
020 _c200
024 _a243,234
037 _b168, 24/10/2009, H.K. Prakashan
_cTextual
040 _aARTS
_cARTS
_bPun
041 _2Pun
_aPun
082 _aw1,N9, 153P8
100 _aਪੰਨੂ, ਹਰਪਾਲ ਸਿੰਘ
_9156315
245 0 _aਗੌਤਮ ਤੋ੍ਵ ਤਾਸਕੀ ਤੱਕ
260 _aਚੰਡੀਗੜ
_b ਲੋਕਗੀਤ ਪ੍ਰਕਾFਨ
_c2008
300 _a216ਪੰ
_ccm.
942 _hw1,N9, 153P8
_cTEXL
_2CC
999 _c372274
_d372274